Language Quiz

Random Language or Color Quiz

Sign Language Live: Colors Quiz Stats

 Plays Quiz Updated Sep 8, 2014

Challenge
Share
Tweet
Score 0/18 Timer 15:00
3 Plays Today
% Correct
Blue
93.5%
Red
92.8%
Yellow
90.5%
Green
86.3%
Orange
74.2%
Pink
71.2%
White
69.2%
Purple
63.9%
Brown
63.2%
% Correct
Black
52.3%
Gold
46.4%
Tan
43.5%
Silver
39.5%
Gray
38.5%
Turquoise
33.2%
Peach
31.7%
Beige
22.3%
Maroon
15.1%

You're not logged in!

Compare scores with friends on all Sporcle quizzes.
OR
Log In

You Might Also Like...

Show Comments

Extras

Top Quizzes Today


Score Distribution

Your Account Isn't Verified!

In order to create a playlist on Sporcle, you need to verify the email address you used during registration. Go to your Sporcle Settings to finish the process.

Report this User

Report this user for behavior that violates our Community Guidelines.

Details: